| 000 | 00490nam a2200205Ia 4500 | ||
|---|---|---|---|
| 008 | 180523s9999 xx 000 0 und d | ||
| 020 | _a81-7524-132-2 | ||
| 050 | _aMAIN GV 1185 | ||
| 050 | _b.J35 2003 | ||
| 100 | _aJain, D. | ||
| 245 | 0 | _aPlay & learn archery / | |
| 245 | 0 | _cD. Jain. | |
| 260 | _aNew Delhi : | ||
| 260 | _bKhel Sahitya Kendra, | ||
| 260 | _c2003 | ||
| 300 | _a103 pages : | ||
| 300 | _billustrations ; | ||
| 300 | _c22 cm. | ||
| 650 | _aArchery -- Training. | ||
| 999 |
_c356722 _d356722 |
||